<?xml version="1.0" encoding="UTF-8"?><marc:collection xmlns:marc="http://www.loc.gov/MARC21/slim">
  <marc:record>
    <marc:leader>00000nam##2200000za#4500</marc:leader>
    <marc:controlfield tag="001">9.598923</marc:controlfield>
    <marc:controlfield tag="003">CaOODSP</marc:controlfield>
    <marc:controlfield tag="005">20210624204816</marc:controlfield>
    <marc:controlfield tag="007">cr |||||||||||</marc:controlfield>
    <marc:controlfield tag="008">150406|1999||||xxc|||||o    f|0| 0 fre|d</marc:controlfield>
    <marc:datafield tag="022" ind1=" " ind2=" ">
      <marc:subfield code="a">1488-0067</marc:subfield>
    </marc:datafield>
    <marc:datafield tag="040" ind1=" " ind2=" ">
      <marc:subfield code="a">CaOODSP</marc:subfield>
      <marc:subfield code="b">fre</marc:subfield>
    </marc:datafield>
    <marc:datafield tag="043" ind1=" " ind2=" ">
      <marc:subfield code="a">n-cn---</marc:subfield>
    </marc:datafield>
    <marc:datafield tag="086" ind1="1" ind2=" ">
      <marc:subfield code="a">A21-42/1-2F-IN</marc:subfield>
    </marc:datafield>
    <marc:datafield tag="110" ind1="1" ind2=" ">
      <marc:subfield code="a">Canada. </marc:subfield>
      <marc:subfield code="b">Agriculture et agroalimentaire Canada. </marc:subfield>
      <marc:subfield code="b">Direction de l'analyse économique et stratégique.</marc:subfield>
    </marc:datafield>
    <marc:datafield tag="245" ind1="1" ind2="0">
      <marc:subfield code="a">Fermes productrices de céréales et d'oléagineux </marc:subfield>
      <marc:subfield code="h">[ressource électronique]</marc:subfield>
    </marc:datafield>
    <marc:datafield tag="260" ind1=" " ind2=" ">
      <marc:subfield code="a">Ottawa - Ontario : </marc:subfield>
      <marc:subfield code="b">Agriculture et Agroalimentaire Canada. </marc:subfield>
    </marc:datafield>
    <marc:datafield tag="300" ind1=" " ind2=" ">
      <marc:subfield code="a">18p.</marc:subfield>
      <marc:subfield code="b">glossaire, graphiques, tableaux</marc:subfield>
    </marc:datafield>
    <marc:datafield tag="490" ind1="1" ind2=" ">
      <marc:subfield code="a">Vue d'ensemble des revenus agricoles </marc:subfield>
      <marc:subfield code="x">1488-0067</marc:subfield>
      <marc:subfield code="v">Vol. 1, n° 2, avril 1999</marc:subfield>
    </marc:datafield>
    <marc:datafield tag="520" ind1="3" ind2=" ">
      <marc:subfield code="a">Cette série de bulletins est publiée conjointement par Agriculture et Agroalimentaire Canada (AAC) et Statistique Canada (SC). Les bulletins remplacent deux publications annuelles, soit Vue d'ensemble des revenus agricoles selon le type de ferme, Canada (publication n° 1946/F), d'AAC, et Statistiques financières agricoles (n° 21-205-XPB au catalogue), de SC. L'objectif des bulletins est de fournir une analyse détaillée des revenus et des dépenses au niveau de la ferme, et du bénéfice net d'exploitation avant amortissement, par catégorie de revenu et par province, pour huit grands types de fermes en 1996. Les bulletins portent sur la situation des revenus agricoles [...]--Site Web La plupart des analyses de cette série reposent sur des données tirées du Programme des données fiscales (PDF) de SC. On y trouve également de l'information tirée de l'Enquête de juin sur les cultures (EJC) et de l'Enquête de juillet sur le bétail (EJB).--Introduction</marc:subfield>
    </marc:datafield>
    <marc:datafield tag="590" ind1=" " ind2=" ">
      <marc:subfield code="a">10-07-Supp</marc:subfield>
      <marc:subfield code="b">2010-09-08</marc:subfield>
    </marc:datafield>
    <marc:datafield tag="775" ind1="0" ind2="8">
      <marc:subfield code="t">Grain and oilseed farms </marc:subfield>
      <marc:subfield code="w">(CaOODSP)9.567590</marc:subfield>
    </marc:datafield>
    <marc:datafield tag="830" ind1="#" ind2="0">
      <marc:subfield code="a">Vue d'ensemble des revenus agricoles,</marc:subfield>
      <marc:subfield code="x">1488-0067</marc:subfield>
      <marc:subfield code="v">Vol. 1, n° 2, avril 1999</marc:subfield>
      <marc:subfield code="w">(CaOODSP)9.501272</marc:subfield>
    </marc:datafield>
    <marc:datafield tag="856" ind1="4" ind2="0">
      <marc:subfield code="a">http://publications.gc.ca</marc:subfield>
      <marc:subfield code="q">PDF</marc:subfield>
      <marc:subfield code="s">172 Ko</marc:subfield>
      <marc:subfield code="u">https://publications.gc.ca/collections/Collection/A21-42-1-2F.pdf</marc:subfield>
      <marc:subfield code="y">Vol. 1, n° 2, avril 1999</marc:subfield>
    </marc:datafield>
  </marc:record>
</marc:collection>
